|
|
|
|
| LEADER |
00887nam a2200229 a 4500 |
| 001 |
007919208 |
| 008 |
090518s1996 sz b 001 eng |
| 020 |
|
|
|a 9241561823 (pbk)
|
| 040 |
|
|
|a Uk
|c Uk
|
| 082 |
0 |
4 |
|a 362.1
|2 21
|
| 110 |
2 |
|
|a World Health Organization.
|
| 245 |
1 |
4 |
|a The world health report 1996 :
|b fighting disease, fostering development : report of the Director-General.
|
| 260 |
|
|
|a Geneva :
|b World Health Organization,
|c 1996.
|
| 300 |
|
|
|a vi,137p. :
|b maps ;
|c 26cm.
|
| 500 |
|
|
|a Includes index.
|
| 541 |
1 |
|
|e 00005571
|
| 650 |
0 |
|
|a World health.
|
| 650 |
0 |
|
|a Chronic diseases.
|
| 650 |
0 |
|
|a Diseases
|x Risk factors.
|
| 852 |
4 |
|
|a Ayesha Abed Library
|j Generalshelf
|
| 999 |
|
|
|c 797
|d 797
|
| 952 |
|
|
|0 0
|1 0
|2 ddc
|4 0
|6 362_100000000000000_WOR_1996
|7 0
|8 NFIC
|9 735
|a BRACUL
|b BRACUL
|c GEN
|d 2009-05-18
|g 300.00
|l 0
|o 362.1 WOR
|p 3010005571
|r 2009-05-18
|t 1
|v 600.00
|w 2009-05-18
|y BK
|